000 003080000a22000970004500
100 1 _aHo, Craig Y.S.
245 1 0 _aConjetures and refutations : Is 1 Samuel 31:1-13 really the source of Chronicles 10:1-12?
300 _aVol. 45, Num 1 (Enero, 1995), Páginas 82-106
773 0 _tVetus Testamentum
942 _cANA
999 _c57984
_d57984